| 000 | 00000nam##2200000za#4500 |
| 001 | 9.589877 |
| 003 | CaOODSP |
| 005 | 20210624195846 |
| 007 | cr ||||||||||| |
| 008 | 150406|1989||||xxc|||||o f|0| 0 eng|d |
| 022 | |a1488-5379 |
| 040 | |aCaOODSP|beng |
| 041 | |aeng |
| 041 | |afre |
| 043 | |an-cn--- |
| 086 | 1 |aFs97-6/1714-PDF |
| 110 | 1 |aCanada. |bDepartment of Fisheries and Oceans. |
| 245 | 10|aProceedings, 15th Annual Aquatic Toxicity Workshop – November 28-30, 1988, Delta Hotel, Montreal, Quebec / |h[electronic resource]|cEditors, A.J. Niimi and K.R. Solomon. |
| 260 | |aOttawa - Ontario : |bFisheries and Oceans Canada |c1989. |
| 300 | |a201p.|bfigs., references, tables |
| 490 | 1 |aCanadian technical report of fisheries and aquatic sciences|x1488-5379|vNo. 1714 |
| 546 | |aPrefatory texts in English and French. Articles in their original languages. |
| 590 | |a14-04-Supp|b2014-02-05 |
| 792 | |tComptes rendus, 15e colloque annuel sur la toxicologie aquatique – Le 28, 29 et 30 novembre 1988, Hotel Delta, Montréal, Québec / |efre|w(CaOODSP)9.589878 |
| 830 | #0|aCanadian technical report of fisheries and aquatic sciences,|x1488-5379|vNo. 1714|w(CaOODSP)9.500269 |
| 856 | 40|ahttp://publications.gc.ca|qPDF|s8538 KB|uhttps://publications.gc.ca/collections/collection_2014/mpo-dfo/Fs97-6-1714.pdf|yNo. 1714 |